000 00934nas a2200277Ia 4500
001 A50/R099-4586 [r000001714]
003 IT-MiCISF
008 161014c99999999xx |||||||||||| ||und||
040 _aIT-MiCISF
_cIT-MiCISF
041 _aITALIANO
100 _aMilanesi Giancarlo
210 _aOrientamenti pastorali
222 _aOrientamenti pastorali
245 0 _aI giovani alla ricerca di adulti "significativi" e di comunità adulte
250 _a1a ed.
260 _c1988
501 _bCISF - Centro Internazionale Studi Famiglia - Via Giotto, 36 20145 MILANO (non commercial uses only)
_cCopyright 2016
300 _app. 71-89
362 _a5-6, mag-giu. [1988]
500 _a Tema: fede, società, giovani, famiglia, coppia, matrimonio, solidarietà, età-adulta
650 _aPASTORALE
_varticolo
700 _a De Rita Giuseppe
700 _a Fregni Gianfranco
942 _cCR
957 _71
999 _a4586
_bSi
_g1
_c223036
_d223036